00346nam a22001097a 4500003000400000020001800004082001400022100003900036245010800075260004500183300000800228SGT a9789362875679 a920bB24Q aकुरैशी, एच. ए.  aबनानास की विस्मृत जननायक :बाबू जगत सिंह bवाणी प्रकाशनc2024 a334